<?xml version="1.0" encoding="UTF-8"?>
<record
    xmlns:xsi="http://www.w3.org/2001/XMLSchema-instance"
    xsi:schemaLocation="http://www.loc.gov/MARC21/slim http://www.loc.gov/standards/marcxml/schema/MARC21slim.xsd"
    xmlns="http://www.loc.gov/MARC21/slim">

  <leader>00524nam a2200205Ia 4500</leader>
  <controlfield tag="008">230125s9999    xx            000 0 und d</controlfield>
  <datafield tag="020" ind1=" " ind2=" ">
    <subfield code="a">81 7660 180 2</subfield>
  </datafield>
  <datafield tag="041" ind1=" " ind2=" ">
    <subfield code="a">eng</subfield>
  </datafield>
  <datafield tag="082" ind1=" " ind2=" ">
    <subfield code="a">658.155</subfield>
    <subfield code="b">MIS</subfield>
  </datafield>
  <datafield tag="100" ind1=" " ind2=" ">
    <subfield code="a">Mishra S K</subfield>
    <subfield code="9">108940</subfield>
  </datafield>
  <datafield tag="245" ind1=" " ind2=" ">
    <subfield code="a">Derivatives and Risk Management</subfield>
  </datafield>
  <datafield tag="250" ind1=" " ind2=" ">
    <subfield code="a">1st ed</subfield>
  </datafield>
  <datafield tag="260" ind1=" " ind2=" ">
    <subfield code="c">2010</subfield>
    <subfield code="b">Everest Publishing house</subfield>
    <subfield code="a">Pune</subfield>
  </datafield>
  <datafield tag="300" ind1=" " ind2=" ">
    <subfield code="a">176p</subfield>
  </datafield>
  <datafield tag="500" ind1=" " ind2=" ">
    <subfield code="a">Risk management</subfield>
  </datafield>
  <datafield tag="650" ind1=" " ind2=" ">
    <subfield code="a">Financial Management</subfield>
  </datafield>
  <datafield tag="700" ind1=" " ind2=" ">
    <subfield code="a">Mishra S K</subfield>
    <subfield code="9">108940</subfield>
  </datafield>
  <datafield tag="906" ind1=" " ind2=" ">
    <subfield code="b">43</subfield>
  </datafield>
  <datafield tag="999" ind1=" " ind2=" ">
    <subfield code="c">85666</subfield>
    <subfield code="d">85666</subfield>
  </datafield>
  <datafield tag="952" ind1=" " ind2=" ">
    <subfield code="0">0</subfield>
    <subfield code="1">0</subfield>
    <subfield code="4">0</subfield>
    <subfield code="7">0</subfield>
    <subfield code="a">HIMR</subfield>
    <subfield code="b">HIMR</subfield>
    <subfield code="d">2010-12-30</subfield>
    <subfield code="e">Everest publisher</subfield>
    <subfield code="g">145.00</subfield>
    <subfield code="i">10213</subfield>
    <subfield code="l">0</subfield>
    <subfield code="o">658.155 MIS B09562</subfield>
    <subfield code="p">HIMR-BK-9562</subfield>
    <subfield code="r">2023-01-25 00:00:00</subfield>
    <subfield code="v">102.00</subfield>
    <subfield code="w">2010-12-23</subfield>
    <subfield code="y">BK</subfield>
    <subfield code="z">B09562</subfield>
  </datafield>
  <datafield tag="952" ind1=" " ind2=" ">
    <subfield code="0">0</subfield>
    <subfield code="1">0</subfield>
    <subfield code="4">0</subfield>
    <subfield code="7">0</subfield>
    <subfield code="a">HIMR</subfield>
    <subfield code="b">HIMR</subfield>
    <subfield code="d">2010-12-30</subfield>
    <subfield code="e">Everest publisher</subfield>
    <subfield code="g">145.00</subfield>
    <subfield code="i">10213</subfield>
    <subfield code="l">0</subfield>
    <subfield code="o">658.155 MIS B09561</subfield>
    <subfield code="p">HIMR-BK-9561</subfield>
    <subfield code="r">2023-01-25 00:00:00</subfield>
    <subfield code="v">102.00</subfield>
    <subfield code="w">2010-12-23</subfield>
    <subfield code="y">BK</subfield>
    <subfield code="z">B09561</subfield>
  </datafield>
  <datafield tag="952" ind1=" " ind2=" ">
    <subfield code="0">0</subfield>
    <subfield code="1">0</subfield>
    <subfield code="4">0</subfield>
    <subfield code="7">0</subfield>
    <subfield code="a">HIMR</subfield>
    <subfield code="b">HIMR</subfield>
    <subfield code="d">2010-12-30</subfield>
    <subfield code="e">Everest publisher</subfield>
    <subfield code="g">145.00</subfield>
    <subfield code="i">10213</subfield>
    <subfield code="l">0</subfield>
    <subfield code="o">658.155 MIS B09563</subfield>
    <subfield code="p">HIMR-BK-9563</subfield>
    <subfield code="r">2023-01-25 00:00:00</subfield>
    <subfield code="v">102.00</subfield>
    <subfield code="w">2010-12-23</subfield>
    <subfield code="y">BK</subfield>
    <subfield code="z">B09563</subfield>
  </datafield>
  <datafield tag="952" ind1=" " ind2=" ">
    <subfield code="0">0</subfield>
    <subfield code="1">0</subfield>
    <subfield code="4">0</subfield>
    <subfield code="7">0</subfield>
    <subfield code="a">HIMR</subfield>
    <subfield code="b">HIMR</subfield>
    <subfield code="d">2010-11-12</subfield>
    <subfield code="e">Everest publisher</subfield>
    <subfield code="g">145.00</subfield>
    <subfield code="i">10104</subfield>
    <subfield code="l">0</subfield>
    <subfield code="o">658.155 MIS B09170</subfield>
    <subfield code="p">HIMR-BK-9170</subfield>
    <subfield code="r">2023-01-25 00:00:00</subfield>
    <subfield code="v">102.00</subfield>
    <subfield code="w">2010-10-28</subfield>
    <subfield code="y">BK</subfield>
    <subfield code="z">B09170</subfield>
  </datafield>
  <datafield tag="952" ind1=" " ind2=" ">
    <subfield code="0">0</subfield>
    <subfield code="1">0</subfield>
    <subfield code="4">0</subfield>
    <subfield code="7">0</subfield>
    <subfield code="a">HIMR</subfield>
    <subfield code="b">HIMR</subfield>
    <subfield code="d">2010-11-12</subfield>
    <subfield code="e">Everest publisher</subfield>
    <subfield code="g">145.00</subfield>
    <subfield code="i">10104</subfield>
    <subfield code="l">0</subfield>
    <subfield code="o">658.155 MIS B09169</subfield>
    <subfield code="p">HIMR-BK-9169</subfield>
    <subfield code="r">2023-01-25 00:00:00</subfield>
    <subfield code="v">102.00</subfield>
    <subfield code="w">2010-10-28</subfield>
    <subfield code="y">BK</subfield>
    <subfield code="z">B09169</subfield>
  </datafield>
</record>
